| 000 | 00941nas a2200301 4500 | ||
|---|---|---|---|
| 001 | BR2015001130 | ||
| 003 | BR-BrBNA | ||
| 005 | 20231205125046.0 | ||
| 007 | ta | ||
| 008 | 230509b bl.|||p| |||| 00| 00por d | ||
| 040 |
_aBR-BrBNA _bpor _cBiblioteca Nacional de Agricultura |
||
| 041 | _a(Pt) | ||
| 072 | _aH20; J10 | ||
| 100 | 1 | _aSilva, M.S. e | |
| 100 | 1 | _aCarvalho, F.C.Q. | |
| 100 | 1 | _aSilva, J.R. da | |
| 100 | 1 | _aLins, S.R. de O. | |
| 100 | 1 | _aOliveira, S.M.A. de | |
| 245 | 1 | _aUso de antagonistas e produtos alternativos no manejo pós-colheita de podridão mole em pimentão | |
| 650 | _aPIMENTÃO | ||
| 650 | _aPODRIDÃO MOLE | ||
| 650 | _aPÓS-COLHEITA | ||
| 650 | _aCONTROLE BIOLÓGICO | ||
| 650 | _aDOENÇA DE PLANTA | ||
| 773 | 0 |
_tRevista Ciência Agronômica (Brazil) _xISSN 0045-6888 _g(Oct-Dec 2014), v. 45(4) p. 718-725 _wBR2015001130 |
|
| 909 |
_a202311 _bLúcia _c55 _dLúcia Elande |
||
| 942 |
_2AGRIS _n0 _cANA |
||
| 999 |
_c242390 _d242390 |
||